Eintracht Frankfurt Squad 2020-2021 - Statistics

General Stats
  • This quiz has been taken 46 times
    27 since last reset
  • The average score is 19 of 34
Answer Stats
# Position Nation Player % Correct
1 GK Germany Kevin Trapp
100%
13 DF Austria Martin Hinteregger
96%
15 MF Japan Daichi Kamada
92%
2 DF France Evan N'Dicka
92%
10 MF Serbia Filip Kostić
92%
8 MF Switzerland Djibril Sow
88%
- Coach Austria Adi Hütter
80%
20 MF Japan Makoto Hasebe
80%
3 MF Austria Stefan Ilsanker
80%
33 FW Portugal André Silva
76%
9 FW Netherlands Bas Dost
76%
17 MF Germany Sebastian Rode
76%
32 FW Germany Amin Younes
72%
22 DF United States Timothy Chandler
72%
18 DF France Almamy Touré
68%
27 MF Morocco Aymen Barkok
68%
19 DF Argentina David Abraham
68%
35 DF Brazil Tuta
64%
25 DF Germany Erik Durm
60%
7 MF Australia Ajdin Hrustic
52%
24 DF Germany Danny da Costa
48%
9 FW Serbia Luka Jović
48%
11 MF Switzerland Steven Zuber
48%
30 DF Netherlands Jetro Willems
36%
28 MF Germany Dominik Kohr
32%
40 GK Germany Elias Bördner
24%
21 FW Germany Ragnar Ache
24%
31 DF Germany Fynn Otto
16%
23 GK Germany Markus Schubert
16%
36 MF Austria Lukas Fahrnberger
12%
42 MF Bosnia and Herzegovina Marijan Ćavar
12%
38 DF Germany Yannick Brugger
12%
41 DF Germany Felix Irorere
8%
34 FW Angola Jabez Makanda
8%
No matching quizzes found
Score Distribution
Percent of People with Each Score
Percentile by Number Answered
Your Score History
You have not taken this quiz since the last reset